000 00236nam a22000857a 4500
008 170111b xxu||||| |||| 00| 0 eng d
100 _92314
_aChatterjee. S
245 _aFrank Environmental Studies-9
260 _aNew Delhi
_bFrank Brothers
_c2007
999 _c5249
_d5249